000 00396 a2200145 4500
040 _aDLC
082 _a912
100 _aDr. Javed Iqbal.
245 _aZinda Roud: Hayat-e-Iqbal ka tashkeeli dour
_cDr. Javed Iqbal.
260 _aLahore:
_bSheikh Ghulam Ali and Sons,
_c1985.
300 _av,
_b160 p.
_c24 cm.
500 _a Includes Index
650 _aIqbal, Muhammad
942 _cBK
_k912 JAV
_2ddc
999 _c5145
_d5145